000
00251nam a2200097Ia 4500
001
804661
005
20250826171137.0
008
250824s9999 xx 000 0 und d
245
0
_a
CEMİL MERİÇ KONUŞUYOR
_c
MUSTAFA ARMAĞAN
260
_b
KETEBE YAYINLARI
999
_c
804661
_d
804661